000 00935nam a22002057a 4500
003 OSt
005 20250827103945.0
008 240308b ||||| |||| 00| 0 eng d
040 _c0
082 _aDPer 621.317 Ie21 July 2022 v. 37 n. 7
100 _aAshtiani, Nima Amouzegar.
_eauthor.
_954087
245 _aModeling and stability analysis of single-phase microgrids controlled in stationary frame /
_cNima Amouzegar Ashtiani, S. Ali Khajehoddin, and Masoud Karimi-Ghartemani.
260 _aNew York ;
_bThe Institute of Electrical and Electronics Engineers, Inc. ,
_cJuly 2022.
300 _avolume 37, pages 7759-7774 :
_billustration ;
_c28 cm.
500 _aIEEE Transactions on Power Electronics, vol. 37, no. 7, Pages 7759-7774, July 2022.
700 _aAshtiani, Nima Amouzegar.
_eauthor.
_954087
700 _aKhajehoddin, S. Ali.
_eauthor.
_954088
700 _aKarimi-Ghartemani, Masoud.
_eauthor.
_954089
942 _2ddc
_cPER
999 _c19545
_d19545